Państwa bardziej zaludnione niż wszyscy ich sąsiedzi razem wzięci - Statystyki

Ogólne statystyki
  • Ten quiz został rozwiązany 5 019 razy
  • Średni wynik to 5 z 8
Statystyki odpowiedzi
Państwo % Poprawnych
Stany Zjednoczone
95%
Republika Południowej Afryki
68%
Indonezja
67%
Wielka Brytania
67%
Korea Południowa
56%
Nigeria
56%
Egipt
55%
Haiti
37%
Nie znaleziono quizów pasujących do podanych kryteriów
Rozkład punktacji
Procent ludzi z każdym wynikiem
Percentyl według liczby udzielonych odpowiedzi
Twoja historia wyników
Nie rozwiązałeś tego quizu